000 00310nam a22001337a 4500
008 180302b xxu||||| |||| 00| 0 eng d
020 _a9780787241780
041 _aeng
080 _25th
_a37
100 _a25
101 _aEDU
245 _aRacquetball learning the fundamentals
_cRoberts,T
942 _2udc
_cBK
999 _c44034
_d44034